| 000 | 01964cam a22004458i 4500 | ||
|---|---|---|---|
| 001 | 21654447 | ||
| 003 | Ost | ||
| 005 | 20260426151241.0 | ||
| 006 | m |o d | | ||
| 007 | cr ||||||||||| | ||
| 008 | 200805s2021 nyu job 001 0 eng | ||
| 010 | _a 2020035794 | ||
| 020 |
_a9780762473014 _q(ebook) |
||
| 020 |
_a9781549108501 _qaudio |
||
| 020 |
_z9780762473038 _q(trade paperback) |
||
| 035 | _a21654447 | ||
| 040 |
_aDLC _beng _cDLC _erda _dDLC |
||
| 042 | _apcc | ||
| 082 | 0 | 0 |
_a796.01/5 _223 |
| 100 | 1 |
_aSwanson, Jennifer, _eauthor. |
|
| 245 | 1 | 4 |
_aThe secret science of sports : _bthe math, physics, and mechanical engineering behind every grand slam, triple axel, and penalty kick / _cJennifer Swanson. |
| 250 | _aFirst edition. | ||
| 263 | _a2107 | ||
| 264 | 1 |
_aNew York : _bBlack Dog & Leventhal, _c2021. |
|
| 300 | _a1 online resource | ||
| 336 |
_atext _btxt _2rdacontent |
||
| 337 |
_acomputer _bc _2rdamedia |
||
| 338 |
_aonline resource _bcr _2rdacarrier |
||
| 504 | _aIncludes bibliographical references and index. | ||
| 520 |
_a"For kids ages 8 to 12, The Science of Sports combines kid-friendly language and vibrant, original illustrations to show how principles of STEM are behind every soccer kick, slap shot, home run, and slam dunk"-- _cProvided by publisher. |
||
| 521 |
_aAges 8-12 _bBlack Dog & Leventhal |
||
| 588 | _aDescription based on print version record and CIP data provided by publisher; resource not viewed. | ||
| 650 | 0 |
_aSports sciences _vJuvenile literature. |
|
| 655 | 7 |
_aLiterature. _2lcgft _0https://id.loc.gov/authorities/genreForms/gf2014026415 |
|
| 776 | 0 | 8 |
_iPrint version: _aSwanson, Jennifer. _tThe secret science of sports _bFirst edition. _dNew York : Black Dog & Leventhal, 2021. _z9780762473038 _w(DLC) 2020035793 |
| 906 |
_a7 _brip _corignew _d1 _eecip _f20 _gy-gencatlg |
||
| 942 |
_2ddc _cكتاب |
||
| 999 |
_c22541 _d22541 |
||